The power of co- creation : (Record no. 4996)

MARC details
000 -LEADER
fixed length control field 01394nam a2200253 a 4500
005 - DATE AND TIME OF LATEST TRANSACTION
control field 20260112063325.0
020 ## - INTERNATIONAL STANDARD BOOK NUMBER
International Standard Book Number 9781451623543
039 ## - LEVEL OF BIBLIOGRAPHIC CONTROL AND CODING DETAIL [OBSOLETE]
Level of rules in bibliographic description 202111101209
Level of effort used to assign nonsubject heading access points staff
Level of effort used to assign subject headings 202011051227
Level of effort used to assign classification staff
Level of effort used to assign subject headings 201704191019
Level of effort used to assign classification staff
Level of effort used to assign subject headings 201607081608
Level of effort used to assign classification staff
-- 201601061023
-- staff
082 ## - DEWEY DECIMAL CLASSIFICATION NUMBER
Classification number 658.40714
Item number RAM [ Shelf 5 ]
100 ## - MAIN ENTRY--PERSONAL NAME
Personal name Ramaswamy, Venkatram.
245 ## - TITLE STATEMENT
Title The power of co- creation :
Remainder of title build it with them to boost growth, productivity, and profits /
Statement of responsibility, etc. Venkat Ramaswamy, Francis Gouillart.
250 ## - EDITION STATEMENT
Edition statement 1st Free Press hardcover ed.
260 ## - PUBLICATION, DISTRIBUTION, ETC.
Place of publication, distribution, etc. New York :
Name of publisher, distributor, etc. Free Press,
Date of publication, distribution, etc. 2010.
300 ## - PHYSICAL DESCRIPTION
Extent ix, 276 p. :
Other physical details ill. ;
Dimensions 24 cm.
504 ## - BIBLIOGRAPHY, ETC. NOTE
Bibliography, etc. note Includes bibliographical references and index.
505 ## - FORMATTED CONTENTS NOTE
Formatted contents note Becoming a co-creative enterprise -- The co-creation principle -- Innovation co-creation -- Engaging people among business networks -- Building social ecosystems -- Designing engagement platforms -- Transforming the enterprise through co-creation -- Leading the co-creative enterprise -- Going beyond processes to co-creative engagement -- Opening up strategy -- Co-creating institutional change.
650 ## - SUBJECT ADDED ENTRY--TOPICAL TERM
Topical term or geographic name entry element Creative ability in business.
650 ## - SUBJECT ADDED ENTRY--TOPICAL TERM
Topical term or geographic name entry element Business networks.
650 ## - SUBJECT ADDED ENTRY--TOPICAL TERM
Topical term or geographic name entry element Interorganizational relations.
700 ## - ADDED ENTRY--PERSONAL NAME
Personal name Gouillart, Francis J.
991 ## -
-- VIRTUA40
991 ## -
-- VTLSSORT0080*0200*0820*1000*2450*2500*2600*3000*5040*5050*6500*6501*6502*7000*9992
909 ## -
-- 5538
Holdings
Withdrawn status Lost status Damaged status Not for loan Home library Current library Date acquired Total checkouts Full call number Barcode Copy number Koha item type
        Indian Institute Of Management, Shillong Indian Institute Of Management, Shillong 06/01/2016   658.40714 RAM [ Shelf 5 ] 0012010   Reference
        Indian Institute Of Management, Shillong Indian Institute Of Management, Shillong 06/01/2016   658.40714 RAM [ Shelf 5 ] 0012012 2 Book
        Indian Institute Of Management, Shillong Indian Institute Of Management, Shillong 06/01/2016   658.40714 RAM [ Shelf 5 ] 0012013 3 Book
        Indian Institute Of Management, Shillong Indian Institute Of Management, Shillong 06/01/2016   658.40714 RAM [ Shelf 5 ] 0012014 4 Book
        Indian Institute Of Management, Shillong Indian Institute Of Management, Shillong 13/06/2018   658.40714 RAM [ Shelf 5 ] 0012011 1 Book
Copyright © 2026 Indian Institute of Management Shillong. All Rights Reserved.